000 01252cam a2200385 a 4500
001 22455
003 SK-KTurca
005 20260328124153.0
008 160610s2007 xo d 000 f slo
015 _aSNBA2008/01-00293
020 _a9788055113913
_q(viaz.)
035 _a9656E403-15B2-4B45-A0A9-6937D65BFB27
035 _aurn:nbn:sk:snk-amlaff
035 _aurn:nbn:sk:snk-am0093aw
040 _aPOKPOH
_bslo
_cPOKPOH
_dSNK
_eAACR2
041 1 _aslo
_heng
044 _axo
_cSK
072 7 _a821.111(73)-3
_xAmerická próza
_2konspekt
080 _a821.111(73)-31
_22001
080 _a(0:82-311.6)
_22001
080 _a27-236.5
_22001
100 1 _aMcGowan, Kathleen,
_d1963-
_4aut
240 1 4 _aThe expected one
_lSlovensky
245 1 0 _aOčakávaná
_cKathleen McGowanová ; [z anglického originálu preložil Alojz Keníž]
250 _a[1. vyd.]
260 _aBratislava
_bIkar
_c2007
300 _a373 s.
_c24 cm
500 _aPrvá časť trilógie o Márii Magdaléne
600 0 7 _aMária Magdaléna,
_csvätá,
_d1. storočie
_2SNKMA
650 0 7 _abiblické postavy
_2SNKPH
655 0 7 _ahistorické romány
_2SNKPH
655 7 _aamerické romány
_2SNKPH
700 1 _aKeníž, Alojz,
_d1952-
_4trl
942 _2ddc
_cKLDO
_n0
999 _c22455
_d22455